Datum a čas kvízu
24
Celkem bodů
Celkový počet nahraných bodů na tomto kvízu bez doplňovacích otázek.
12.
Pořadí na kvízu
Konečné umístění týmu na tomto kvízu.
Zaznamenané odpovědi
| # | Otázka | Odpověď | Body | Výsledky |
|---|---|---|---|---|
| 1. | Jméno státního zástupce, dohlí... | Jaroslav Šaroch | 0 | |
| 2. | Novozélandští vědci zkoumali v... | úhoř | 0 | |
| 3. | Tato 26letá americká zpěvačka... | Ariana Grande | 0 | |
| 4. | Sociální síť Facebook oznámila... | o seznamku | 0 | |
| 5. | Pořadatelé fotbalového utkání... | Arménie | 1 | |
| 6. | V tomto tématu se podíváme na... | Genesis | 0 | |
| 7. | Svátek Roš ha-šana (jako větši... | Nový rok | 0 | |
| 8. | Jak se nazývá osmidenní židovs... | Chanuka | 0 | |
| 9. | V této otázce nás nebude zajím... | Šestidenní válka | 1 | |
| 10. | Na závěr se vrátíme opět ke sv... | B | 0 |